| 000 | 00806nam a2200229 a 4500 | ||
|---|---|---|---|
| 001 | 1903 | ||
| 003 | CDMR | ||
| 005 | 20131210125401.0 | ||
| 008 | 130130s1981||||||||||||||||||||||||||||d | ||
| 020 | _a8425210593 | ||
| 040 |
_aCDMR _bcat _cCDMR |
||
| 100 | 1 |
_aHamelink, Cees Jan _91420 |
|
| 245 | 1 | 3 |
_aLa aldea transnacional _b: el papel de los trusts en la comunicación mundial _cCees J. HAmelink |
| 246 |
_aThe Corporative Village _b: the role of the transnational corporations in international communication |
||
| 260 |
_aBarcelona _c1981 _bGustavo Gili |
||
| 490 | 0 | _aGG MassMedia | |
| 650 | 0 | 4 |
_94123 _aConcentració industrial |
| 650 | 0 | 4 |
_93178 _aMitjans de comunicació de massa _xAspectes econòmics |
| 650 | 0 | 4 |
_93350 _aGlobalització |
| 650 | 0 | 4 |
_92190 _aComunicació internacional |
| 942 |
_cMON _2udc |
||
| 999 |
_c1903 _d1903 |
||